Southville International School and Colleges
Your cart is empty.
  • Cart
  • Lists
    Public lists Eva Luna New books Lux_list list_1
    Your lists Log in to create your own lists
  • Log in to your account
  • Your cookies
  • Search history
Southville International School and Colleges
  • Advanced search
  • Recent comments
  • Most popular
  • Libraries

Log in to your account

Log in with GOOGLE


If you do not have an external account, but do have a local account, you can still log in:

  1. Home
  2. MARC view: Financial markets and institutions /
Normal view MARC view ISBD view

Financial markets and institutions / (Record no. 354923)

[ view plain ]
MARC details
000 -LEADER
fixed length control field 00426nam a2200157Ia 4500
003 - CONTROL NUMBER IDENTIFIER
control field sisc
005 - DATE AND TIME OF LATEST TRANSACTION
control field 20180206111314.0
008 - FIXED-LENGTH DATA ELEMENTS--GENERAL INFORMATION
fixed length control field 180205s9999 xx 000 0 und d
020 ## - INTERNATIONAL STANDARD BOOK NUMBER
International Standard Book Number 9789814738545
100 ## - MAIN ENTRY--PERSONAL NAME
Personal name Saunders, Anthony
245 ## - TITLE STATEMENT
Statement of responsibility, etc Cornett, Marcia millon
Title Financial markets and institutions /
250 ## - EDITION STATEMENT
Edition statement 6th ed
260 ## - PUBLICATION, DISTRIBUTION, ETC. (IMPRINT)
Place of publication, distribution, etc Quezon City
Name of publisher, distributor, etc C & E publishing
Date of publication, distribution, etc 2016
300 ## - PHYSICAL DESCRIPTION
Extent vi, 744 pages
942 ## - ADDED ENTRY ELEMENTS (KOHA)
Source of classification or shelving scheme Library of Congress Classification
Koha item type Books
Holdings
Withdrawn status Lost status Damaged status Home library Current library Shelving location Date acquired Source of acquisition Total Checkouts Full call number Barcode Date last seen Price effective from Koha item type
      College Library College Library Reserve Section 02/05/2018 Library Fund   HG 181 .Sa255 2016 C21150 05/15/2018 02/05/2018 Books

Financial markets and institutions /

APA

Saunders A., . (2016). Financial markets and institutions. Quezon City: C & E publishing.

Chicago

Saunders Anthony, . 2016. Financial markets and institutions. Quezon City: C & E publishing.

Harvard

Saunders A., . (2016). Financial markets and institutions. Quezon City: C & E publishing.

MLA

Saunders Anthony, . Financial markets and institutions. Quezon City: C & E publishing. 2016.

  • Place hold
  • Print
  • Cite
  • Add to your cart (remove)
  • Save record
    BIBTEX Dublin Core MARCXML MARC (non-Unicode/MARC-8) MARC (Unicode/UTF-8) MARC (Unicode/UTF-8, Standard) MODS (XML) RIS
  • More searches
    Search for this title in:
    Other Libraries (WorldCat) Other Databases (Google Scholar) Online Stores (Bookfinder.com) Open Library (openlibrary.org)

Exporting to Dublin Core...

SOUTHVILLE LIBRARY

Southville International School and Colleges Library

1281 Tropical Ave. Cor. Luxembourg St., BF Homes International, Las Pinas City

Tel. No. 8256374 / 252358 Loc. 117/146

Powered by Koha